| 000 | 00819nam a2200229 i 4500 | ||
|---|---|---|---|
| 001 | 179943 | ||
| 003 | ES-MaACL | ||
| 005 | 20251011063156.0 | ||
| 008 | 120306m19942004sp |||| | spa d | ||
| 020 | _a84-7506-404-3 | ||
| 080 | _a821.134.2-82"15" | ||
| 100 | 0 |
_aGuevara, Antonio de, _dca. 1480-1545 _960606 |
|
| 245 | 1 | 0 |
_aObras completas / _cFray Antonio de Guevara ; [edición y prólogo de Emilio Blanco]. |
| 260 |
_aMadrid : _bTurner, _c1994-2004. |
||
| 300 |
_a3 v. ; _c22 cm. |
||
| 490 | 1 | _aBiblioteca Castro | |
| 505 | 8 |
_aContiene: 1 ; _tLibro áureo de Marco Aurelio ; _tDécada de Césares - 2 ; _tRelox de príncipes - 3 ; _tEpístolas familiares |
|
| 700 | 1 |
_aBlanco, Emilio. _929174 |
|
| 830 | 0 |
_aBiblioteca Castro _9178957 |
|
| 852 |
_aES-MaACL _jL-29812-14 |
||
| 999 |
_c179943 _d179943 |
||